000 01051cam a22003257a 4500
003 CHAP
005 20220329133245.0
008 971013s1987 r 00010 d
010 _a4004
011 _a4976
035 _a4181
040 _cCHAP
082 _a634.95
_bB4
100 0 0 _aBetancourt Barroso, A.
_912051
245 0 _aSilvicultura especial de árboles maderables tropicales
260 _aLa Habana :
_bCientífico-Técnica,
_c1987
300 _a427 p.
_b: ilus
590 _aBATCH-UPD
_b10
_c20130110
_lUCH01
_h1701
590 _aBATCH-UPD
_b10
_c20130410
_lUCH01
_h1048
590 _aBATCH-UPD
_b10
_c20130914
_lUCH01
_h0612
590 _aBATCH-UPD
_b10
_c20130914
_lUCH01
_h2124
590 _aCONVERSION
_b10
_c20130109
_lUCH01
_h1303
650 1 4 _aÁrboles tropicales.
_982448
650 1 4 _aMaderas tropicales.
_969670
650 1 4 _aSilvicultura
_xPublicaciones periódicas.
_9106124
650 1 4 _aViveros forestales.
_9120100
901 _aBK
942 _cLIBRO
949 _a634.95 B4
_bBC
_cLIBRO
_d33724002205149
_eLIBRO
_h77228
_i4181
_mD
_si
999 _c4004
_d4004